| 000 | 00514nam a2200157 i 4500 | ||
|---|---|---|---|
| 001 | 89157 | ||
| 003 | ES-MaACL | ||
| 005 | 20230906180104.0 | ||
| 007 | t| | ||
| 008 | 050105s1981 sp ||||1| spa d | ||
| 100 | 1 |
_aLarrainzar Yoldi, Ricardo. _970300 |
|
| 245 | 1 | 0 |
_aDerecho político y constitucional para ingreso en el Cuerpo... de Secretarios de Administración Local / _cpor Ricardo Larrainzar Yoldi. |
| 260 |
_a[Madrid : _bs.n., _c1981] |
||
| 300 |
_a72 p. ; _c23 cm. |
||
| 852 |
_aES-MaACL _jL-1479 _bR.102442 |
||
| 999 |
_c89157 _d89157 |
||